| 000 | 00752aas a2200229 4500 | ||
|---|---|---|---|
| 999 |
_c3837 _d3837 |
||
| 003 | BR-BrBNA | ||
| 005 | 20230317233920.0 | ||
| 007 | ta | ||
| 008 | 230119b bl ||||| |||| 00| 0 por d | ||
| 035 | _a000485-5 | ||
| 040 |
_aBR-BrBNA _bPor _cBR-BrBNA |
||
| 042 | _aN | ||
| 044 | _abl | ||
| 245 | _aSistema de Produção - Empresa de Assistência Técnica e Extensão Rural do Estado de Pernambuco (Brazil) | ||
| 260 |
_aRecife-PE _bEmrpresa de Assistência Técnica e Extensão Rural do Estado de Pernambuco _c1983. Data final de publicação em 1995 _eBPE |
||
| 270 | _aCaixa Postal, 259 - 50.000-Recife-PE | ||
| 310 | _airregular | ||
| 500 | _aTítulo Suspenso | ||
| 505 | _a1983-85 (1-11); 1995 (1-2); | ||
| 909 |
_a56 _bSergio Santos _c56 _dSergio Santos |
||
| 942 |
_cCR _2AGRIS |
||